Reflexiones y variaciones sobre textos de Don Federico de Castro.

Guardat en:
Dades bibliogràfiques
Format: Llibre
Idioma:espanyol
Publicat: Murcia, España Real Academia de Legislación y Jurisprudencia de Murcia 1986
Matèries:
Etiquetes: Afegir etiqueta
Sense etiquetes, Sigues el primer a etiquetar aquest registre!

MARC

LEADER 00000nam a2200000 a 4500
001 UCV3429
003 CL-VaPUC
005 20201105144925.0
008 930722e19860000SP |||||||||||||||||spa|d
999 |c 210657  |d 210655 
040 |c Pontificia Universidad Católica de Valparaíso 
082 0 4 |a 340 REF 1986  |2 21 
245 1 0 |a Reflexiones y variaciones sobre textos de Don Federico de Castro. 
260 0 3 |a Murcia, España  |b Real Academia de Legislación y Jurisprudencia de Murcia  |c 1986 
300 |a 47 páginas. 
500 |a Discurso leído el día 16 de Mayo de 1986, en el acto de recepción como Académico de Número, por el Excmo. Sr. D. Rodríguez Fernández-Carvaal González y contestación del Excmo. Sr. D. Juan Roca Juan 
583 |a last modification  |c 20120409 08:02:52  |k Rodrigo Vera 
650 0 |a Abogados  |9 256284 
650 0 |a Filosofía del Derecho  |9 255050 
942 |c BK  |2 ddc 
945 |d 19930722 00:00:00 
952 |0 0  |1 0  |2 ddc  |4 0  |6 340_000000000000000_REF_1986  |7 0  |8 A  |9 187043  |a BIBDER  |b BIBDER  |d 2019-11-14  |i 2546914  |o 340 REF 1986  |p 2546914  |r 2023-01-25  |t 1  |w 2019-11-14  |y BK  |k DER